История России #41: Лихие 90-е - Statistics

General Stats
  • This quiz has been taken 39 times
  • The average score is 9 of 34
Answer Stats
Вопрос Ответ % Correct
Самый влиятельный оппозиционный телеканал НТВ
71%
Мэр Санкт-Петербурга (1991-1996), Советником которого был Владимир Путин Анатолий Собчак
68%
Премьер-Министр РФ в 1992-1998. И.О. Президента РФ в 1996 Виктор Черномырдин
61%
Главный Оппонент Ельцина на Президентских Выборах, Глава КПРФ (с 1993г) Геннадий Зюганов
61%
1-й Президент независимой Ичкерии Джохар Дудаев
54%
Генерал, Ветеран Афганской войны, участник Августовского Путча, конфликта в Приднестровье, Секретарь СовБеза РФ (1996) Губернатор Красноярска (1998-2002) Александр Лебедь
50%
Ведущий программы Намедни, Главный Продюссер НТВ
(1997-1999)
Леонид Парфенов
50%
Чеченский полевой командир, организатор многочисленных терактов на территории России Шамиль Басаев
50%
Группа самых крупных Олигархов РФ, объединившихся
для победы Ельцина на выборах
Семибанкирщина
46%
Вице-Премьер в Правительстве Кириенко (1998) Губернатор Нижнего Новгорода (1991-1997), Один из предполагаемых преемников Ельцина на посту Президента Борис Немцов
43%
Первая Чеченская Война 1994-1996
36%
Первый и единственный Вице-Президент РФ, И.О. Президента РФ Александр Руцкой
32%
Президентские выборы (с точностью до сезона) лето 1996
32%
Деноминация Рубля 1997
32%
Премьерство Кириенко 1998
29%
Эскалация конфликта Ельцин-Верховный Совет (с точностью до сезона) осень 1993
25%
Премьер-Министр РФ в 1992 г, Министр Экономики тогда же Гайдар Егор
21%
Вторая Чеченская Война 1999-2000
21%
Глава Администрации Президента в 1997-1998, Зять Бориса Ельцина Валентин Юмашев
18%
взрывы жилых домов в Москве, Буйнакске и Волгодонске сентябрь 1999
18%
Референдум Да-Да-Нет-Да (с точностью до месяца) апрель 1993
14%
дело Mabetex, затронувшее "Семью" 1998
14%
Премьерство Примакова 1998-1999
14%
Государственная Дума I созыва 1993-1995
11%
II Государственная Дума 1995-1999
11%
попытка Импичмента Ельцина (с точностью до месяца) май 1999
11%
Хасавюртовское Соглашение 31 августа 1996
11%
Дело коробки из под Ксерокса (с точностью до дня) 20 июня 1996
7%
Отставка Ельцина 31 декабря 2000
7%
Черный вторник 17 августа 1998
4%
Конституционный Кризис 1992-1993
4%
Военная Реформа 1997-1999
4%
вторжение Боевиков в Дагестан 7 августа 1999
4%
Теракт в Буденновске 14-21 июня
0%
No matching quizzes found
Score Distribution
Percent of People with Each Score
Percentile by Number Answered
Your Score History
You have not taken this quiz